| 000 | 004840000a22001930004500 | ||
|---|---|---|---|
| 001 | 003303 | ||
| 003 | MACL | ||
| 005 | 20150919104000.0 | ||
| 008 | 150919b xxu||||| |||| 00| 0 eng d | ||
| 040 |
_aMACL _cMACL |
||
| 041 | _aEnglish | ||
| 082 | _a823.54/MUK | ||
| 100 |
_aMukherjee, Meenakshi _911269 |
||
| 245 |
_aEarly Novels In India _cMeenakshi Mukherjee |
||
| 260 |
_aNew Delhi _c2002 _bSahitya Akademi, |
||
| 350 | _a140 | ||
| 650 |
_aFiction _911879 |
||
| 942 |
_k824 _cBK _2ddc |
||
| 999 |
_c15208 _d15208 |
||